| 000 | 01630nam0a2200385 4500 | ||
|---|---|---|---|
| 001 | RU\NLR\BIBL_A\022467668 | ||
| 005 | 20250404130423.0 | ||
| 010 |
_a978-5-17-158724-6 _93000 |
||
| 021 |
_aRU _bАЛ-П-24-01146и _9АЛ-П-24-0241 |
||
| 035 | _a(NLR Aleph) 022467668 | ||
| 090 |
_a13367674 _c13367674 |
||
| 100 | _a20250224d2024 u y0rusy50 ca | ||
| 101 | 1 |
_arus _ckor |
|
| 102 | _aRU | ||
| 105 | _aa t 000ay | ||
| 181 | 0 |
_ab3 _bab2e |
|
| 181 | 0 |
_ai1 _baxxe |
|
| 182 | 0 | _an | |
| 200 | 1 |
_aПопулярный азиатский стритфуд _eсамая вкусная раскраска _fЧо Кёнгю _g[перевод с корейского: Е. Похолкова] |
|
| 203 |
_aИзображение _aТекст _bвизуальные _cнепосредственные |
||
| 210 |
_aМосква _cАСТ _d2024 |
||
| 215 |
_a58 с. _cил., цв. ил. _d24х24 |
||
| 225 | 1 | _aКомикс-раскраска | |
| 300 | _aЗагл. в вып. дан.: Очень вкусная раскраска. Самый популярный азиатский стритфуд | ||
| 333 | _a6+ | ||
| 517 | 1 | _aОчень вкусная раскраска. Самый популярный азиатский стритфуд | |
| 606 | 1 |
_aАзиатская кухня _2nlr_sh2 _3RU\NLR\AUTH\661333837 |
|
| 686 | 0 | _aЩ153(5КоЮ)65-475 | |
| 686 | 1 | _aЛ997(3)Азиатская | |
| 700 | 0 | _aЧо Кёнгю | |
| 702 | 1 |
_aПохолкова _bЕ. А. _f1979- _gЕкатерина Анатольевна _4730 |
|
| 942 | _cBOOK | ||
| 980 | _aNB | ||